| 000 | 00473nmm a2200181 4500 | ||
|---|---|---|---|
| 008 | 230116s2022 o | cat d | ||
| 041 | _acat | ||
| 245 |
_aEl vocabulari del cava _h[en línia] |
||
| 260 |
_aVilafranca del Penedès _bD.O. Cava _c2022 |
||
| 520 | _a63 | ||
| 546 | _acatalà | ||
| 592 | _aObra terminològica | ||
| 593 | _aKRV | ||
| 650 | 0 |
_acaves _961870 |
|
| 856 | _uhttps://www.cava.wine/ca/origen/glossari/ | ||
| 901 | _c<2022> | ||
| 942 |
_cMO _2ddc _n0 |
||
| 999 |
_c68455 _d68455 |
||